Preliminary overview of the economy of Latin America and the Caribbean : 1994.

Bibliographic Details
Corporate Authors: United Nations, Economic Commission for Latin America and the Caribbean, ECLAC
Format: Book
Published: New York: United Nations, 1994.
Subjects:
LEADER 00632cam a2200205 7i4500
001 0000003701
005 19991025090000.0
002 ##000005089
020 0 0 |a T000004528  
090 0 0 |a AM.L 330.9   |b PRE 
245 0 0 |a Preliminary overview of the economy of Latin America and the Caribbean :   |b 1994. 
260 0 0 |a New York:   |b United Nations,   |c 1994. 
300 0 0 |a 57 p.. 
650 0 0 |a Economic conditions  
651 0 0 |a Latin America  
651 0 0 |a Caribbean  
710 0 0 |a United Nations  
710 2 1 |a Economic Commission for Latin America and the Caribbean  
710 2 1 |a ECLAC  
999 |a 0000006040  |b Book  |c Open shelf  |e Business Information Centre